NBA Player by past teams - Statistics

General Stats
  • This quiz has been taken 23 times
  • The average score is 10 of 15
Answer Stats
Hint Answer % Correct
Cavaliers, Heat, Cavaliers, Lakers LeBron James
100%
Magic, Lakers, Heat, Suns, Cavaliers, Celtics Shaquille O'Neal
100%
Sonics, Thunder, Warriors, Nets Kevin Durant
88%
Timberwolves, Celtics, Nets, Timberwolves Kevin Garnett
88%
New Orleans Hornets, Clippers, Rockets, Thunder, Suns Chris Paul
82%
Thunder, Rockets, Nets James Harden
82%
Raptors, Magic, Rockets, Knicks, Pistons, Hawks, Spurs Tracy McGrady
82%
Mavericks, Suns, Nets, Mavericks, Knicks Jason Kidd
76%
Grizzlies, Lakers, Bulls, Spurs, Bucks Pau Gasol
71%
Celtics, Nets, Wizards, Clippers Paul Pierce
53%
Kings, Pelicans, Warriors, Rockets, Clippers DeMarcus Cousins
47%
Cavaliers, Spurs, Raptors, Lakers, 76ers Danny Green
35%
Rockets, Suns, Lakers, Spurs Robert Horry
35%
New Orleans Hornets, Nuggets, Knicks, Cavaliers, Lakers JR Smith
24%
Celtics, Suns, Hawks, Nets, Heat, Jazz, Rockets Joe Johnson
12%
No matching quizzes found
Score Distribution
Percent of People with Each Score
Percentile by Number Answered
Your Score History
You have not taken this quiz